00445 a2200121 4500001001000000005001700010008004100027245012100068100002700189700002800216700002100244773005800265ART_4550720260410162011.0260409a 10aEficiencia técnica de la lechería pampeana. Fronteras estocásticas con heterogeneidad observada y no observada1 aPace Guerrero, Ignacio1 aGastaldi, Laura Beatriz1 aGatti, Nicolás0 tCuadernos del CIMBAGEg- Nº 19 (mayo 2017)wREV34895